Transición democrática y nuevos discursos de la participación social: las mesas de concertación de lucha contra la pobreza

Uloženo v:
Podrobná bibliografie
Médium: Text
Témata:
Tagy: Přidat tag
Žádné tagy, Buďte první, kdo vytvoří štítek k tomuto záznamu!

MARC

LEADER 00000 a a2200000 04500
001 18287
003
040
245 |a Transición democrática y nuevos discursos de la participación social:   |b las mesas de concertación de lucha contra la pobreza 
650 |a CENTRALIZACION  
650 |a DESARROLLO POLITICO  
650 |a DEMOCRATIZACION  
650 |a PARTICIPACION SOCIAL  
650 |a SOCIEDAD CIVIL  
650 |a PLANO LOCAL  
773 |g número 98; páginas 41-55  
999 |c 25093  |d 25093